[Event "Rewal 2011 - Open B"]
[Site "Rewal"]
[Date "2011.08.28"]
[Round "9.31"]
[White "Laszewski, Kazimierz"]
[Black "Klimek, Marcin"]
[Result "0-1"]
[WhiteElo "1755"]
[BlackElo "1827"]
[EventDate "2011.??.??"]
[PlyCount "108"]

1.e4 e6 2.d4 d5 3.exd5 exd5 4.Nf3 Bd6 5.Be2 Nc6 6.Be3 Bf5 7.c3 Nge7 8.Nbd2
f6 9.Nh4 Qd7 10.Nxf5 Nxf5 11.Bg4 Nce7 12.Nf3 h5 13.Bh3 g5 14.Bxf5 Nxf5 15.
Qd3 O-O-O 16.O-O-O Nxe3 17.fxe3 Rde8 18.Rde1 g4 19.Nh4 Re4 20.g3 f5 21.
Rhf1 Rf8 22.Kd2 Qe6 23.Re2 c5 24.Ref2 c4 25.Qe2 f4 26.gxf4 Be7 27.f5 Qb6 
28.Ng6 Qxb2+ 29.Kd1 Qb1+ 30.Kd2 Qxa2+ 31.Kd1 Qb3+ 32.Qc2 Qxc2+ 33.Kxc2 Rf6
34.Kd2 Bd6 35.Ra1 a6 36.Ra5 g3 37.hxg3 Bxg3 38.Rf1 b5 39.Nf4 Bxf4 40.exf4 
Kb7 41.Rg1 Rxf4 42.Raa1 R4xf5 43.Rge1 Rf2+ 44.Kc1 h4 45.Re7+ Kb6 46.Rb1 h3
47.Rh7 h2 48.Rh8 Rf1+ 49.Kb2 Rxb1+ 50.Kxb1 Rf1+ 51.Kb2 h1=Q 52.Rb8+ Ka5 
53.Ka3 Ra1+ 54.Kb2 Qc1# 0-1

[Event "Rewal 2011 - Open B"]
[Site "Rewal"]
[Date "2011.08.28"]
[Round "9.32"]
[White "Miczek, Szczepan"]
[Black "Sowa, Martyna"]
[Result "1/2-1/2"]
[WhiteElo "1823"]
[BlackElo "1720"]
[EventDate "2011.??.??"]
[PlyCount "67"]

1.e4 c5 2.Nf3 e6 3.d4 cxd4 4.Nxd4 a6 5.Bd3 Qc7 6.O-O Nf6 7.Nc3 b5 8.Qf3 
Bb7 9.Re1 d6 10.Bg5 Be7 11.Qg3 Nbd7 12.Rad1 O-O-O 13.Bxb5 Nc5 14.Bd3 h6 
15.Bd2 g5 16.Nb3 Nh5 17.Qf3 Nf6 18.Nxc5 dxc5 19.Qg3 Qc6 20.e5 Nh5 21.Be4 
Nxg3 22.Bxc6 Bxc6 23.hxg3 Kc7 24.Ne4 Rd4 25.Ba5+ Kb7 26.Rxd4 cxd4 27.Nd2 
Bd5 28.Nf3 Bxa2 29.Nxd4 Bc4 30.Rd1 Bd5 31.b3 Be4 32.c4 Rc8 33.Kf1 Ba3 34.
f3 1/2-1/2

[Event "Rewal 2011 - Open B"]
[Site "Rewal"]
[Date "2011.08.28"]
[Round "9.33"]
[White "Krzysztofiak, Zdzislaw"]
[Black "Statucki, Maciej"]
[Result "0-1"]
[WhiteElo "1656"]
[BlackElo "1817"]
[EventDate "2011.??.??"]
[PlyCount "72"]

1.e4 c5 2.Nf3 Nc6 3.d4 cxd4 4.Nxd4 Nf6 5.Nc3 e5 6.Ndb5 d6 7.Nd5 Nxd5 8.
exd5 Nb8 9.c4 a6 10.Nc3 f5 11.Be2 Be7 12.O-O O-O 13.a4 a5 14.Nb5 Nd7 15.
Bd2 Nc5 16.Kh1 Bd7 17.Be3 b6 18.f4 Bxb5 19.axb5 e4 20.g4 g6 21.gxf5 gxf5 
22.Bd4 Bf6 23.Ra3 Kh8 24.Rg3 Qe7 25.Rg5 Bxd4 26.Qxd4+ Qf6 27.Qxf6+ Rxf6 
28.Rfg1 Raf8 29.R1g2 Nb3 30.Kg1 R6f7 31.Kf2 Rb7 32.Ke3 a4 33.h4 Ra7 34.Bh5
a3 35.bxa3 Rxa3 36.Bf7 Nc5+ 0-1

[Event "Rewal 2011 - Open B"]
[Site "Rewal"]
[Date "2011.08.28"]
[Round "9.34"]
[White "Smal, Tobiasz"]
[Black "Faron, Rafal"]
[Result "1/2-1/2"]
[WhiteElo "1711"]
[BlackElo "1816"]
[EventDate "2011.??.??"]
[PlyCount "38"]

1.Nf3 f5 2.c4 Nf6 3.g3 g6 4.Bg2 Bg7 5.O-O O-O 6.Nc3 d6 7.d4 c6 8.Qc2 Qc7 
9.Bg5 e5 10.Bxf6 Bxf6 11.e3 Be6 12.b3 Na6 13.Rac1 Rac8 14.a3 Rfd8 15.Rfd1 
Qg7 16.Ne2 g5 17.b4 h6 18.c5 e4 19.Nd2 d5 1/2-1/2

[Event "Rewal 2011 - Open B"]
[Site "Rewal"]
[Date "2011.08.28"]
[Round "9.35"]
[White "Dzierzak, Radoslaw"]
[Black "Bilczewski, Kacper"]
[Result "1-0"]
[WhiteElo "1813"]
[BlackElo "1531"]
[EventDate "2011.??.??"]
[PlyCount "43"]

1.e4 e6 2.d4 d5 3.Nd2 c5 4.exd5 exd5 5.Ngf3 Nf6 6.Bd3 Be7 7.dxc5 Bxc5 8.
O-O O-O 9.Nb3 Bb6 10.h3 Nc6 11.Bg5 Qd6 12.Re1 Bd7 13.c3 Rfe8 14.Qd2 Kh8 
15.Bf4 Qf8 16.Rad1 Be6 17.Bb1 Rad8 18.Bg5 h6 19.Bh4 g5 20.Nxg5 hxg5 21.
Qxg5 Nh7 22.Qh5 1-0

[Event "Rewal 2011 - Open B"]
[Site "Rewal"]
[Date "2011.08.28"]
[Round "9.36"]
[White "Szostko, Jakub"]
[Black "Hagner, Pawel"]
[Result "1/2-1/2"]
[WhiteElo "1645"]
[BlackElo "1781"]
[EventDate "2011.??.??"]
[PlyCount "40"]

1.e4 g6 2.d4 Bg7 3.Nc3 c6 4.Nf3 d6 5.h3 Nf6 6.Be3 O-O 7.Qd2 Qa5 8.Bd3 Nbd7
9.O-O Re8 10.Bh6 e5 11.Bxg7 Kxg7 12.dxe5 dxe5 13.Rfe1 b5 14.Ne2 Qc7 15.Ng3
a6 16.Rad1 Bb7 17.Qg5 Kh8 18.Qh6 Ng8 19.Qh4 Ndf6 20.Ng5 Rad8 1/2-1/2

[Event "Rewal 2011 - Open B"]
[Site "Rewal"]
[Date "2011.08.28"]
[Round "9.38"]
[White "Poswiatowski, Stanislaw"]
[Black "Knap, Jerzy"]
[Result "0-1"]
[WhiteElo "1718"]
[BlackElo "1913"]
[EventDate "2011.??.??"]
[PlyCount "88"]

1.d4 d5 2.Nf3 Nf6 3.c4 e6 4.Nc3 c6 5.Bg5 Nbd7 6.cxd5 exd5 7.e3 Qa5 8.Bxf6 
Nxf6 9.Bd3 Bb4 10.Qc2 O-O 11.O-O Bxc3 12.bxc3 Re8 13.c4 dxc4 14.Bxc4 Be6 
15.Bd3 Bd5 16.Ne5 Rac8 17.Bc4 Bxc4 18.Qxc4 Qd5 19.Rfb1 Rxe5 20.Qxd5 Rxd5 
21.Rxb7 Rd7 22.Rab1 Rxb7 23.Rxb7 a5 24.Kf1 Kf8 25.Ra7 c5 26.Rxa5 cxd4 27.
exd4 Rc4 28.a4 Rxd4 29.Ra7 Ke8 30.Ke2 Nd7 31.a5 Rd5 32.a6 Ke7 33.Rb7 Ra5 
34.a7 Kd6 35.Rb8 Rxa7 36.Rg8 g6 37.Rg7 Nf6 38.g4 h6 39.h3 Ke6 40.f4 Ke7 
41.g5 hxg5 42.fxg5 Nh5 43.Rg8 Nf4+ 44.Kf2 Nxh3+ 0-1

[Event "Rewal 2011 - Open B"]
[Site "Rewal"]
[Date "2011.08.28"]
[Round "9.39"]
[White "Jasniewicz, Rafal"]
[Black "Bregoszewski, Leon"]
[Result "1/2-1/2"]
[WhiteElo "1605"]
[BlackElo "1821"]
[EventDate "2011.??.??"]
[PlyCount "32"]

1.Nf3 c5 2.g3 d5 3.Bg2 Nc6 4.d3 e5 5.O-O Bd6 6.Nc3 Be6 7.e4 d4 8.Ne2 h6 9.
c3 Nge7 10.cxd4 cxd4 11.Bd2 O-O 12.Ne1 Ng6 13.f4 exf4 14.Bxf4 Bg4 15.h3 
Bh5 16.Nf3 Be7 1/2-1/2

[Event "Rewal 2011 - Open B"]
[Site "Rewal"]
[Date "2011.08.28"]
[Round "9.40"]
[White "Kiolbasa, Oliwia"]
[Black "Gorol, Jacek"]
[Result "1-0"]
[WhiteElo "1701"]
[BlackElo "1788"]
[EventDate "2011.??.??"]
[PlyCount "93"]

1.e4 g6 2.d4 d6 3.Nc3 Bg7 4.f4 Nf6 5.Nf3 c5 6.Bb5+ Bd7 7.Bxd7+ Nbxd7 8.e5 
Ng4 9.e6 fxe6 10.Ng5 Ndf6 11.Nxe6 Qa5 12.Nxg7+ Kf7 13.dxc5 Kxg7 14.cxd6 
exd6 15.O-O Qb6+ 16.Kh1 Rhe8 17.b3 Qc6 18.Bb2 Kf7 19.f5 g5 20.Qd2 Ne5 21.
Rad1 Rad8 22.Qxg5 Rg8 23.Qd2 Rg4 24.Rf4 Rdg8 25.Rxg4 Nexg4 26.Rf1 Ne3 27.
Rf2 Nfg4 28.Re2 h5 29.h3 Nf1 30.Qf4 Nge3 31.Ne4 Qxe4 32.Qxe4 Ng3+ 33.Kg1 
Nxe4 34.Rxe3 Ng3 35.f6 Nf5 36.Re2 h4 37.Kf2 Rg3 38.Re4 Rg8 39.Rf4 Rg5 40.
Rg4 Rh5 41.Kf3 Nh6 42.Rg7+ Ke6 43.Rxb7 a5 44.c4 Rf5+ 45.Ke3 Rf1 46.Ke2 Rf4
47.Re7+ 1-0

[Event "Rewal 2011 - Open B"]
[Site "Rewal"]
[Date "2011.08.28"]
[Round "9.41"]
[White "Wielek, Thomas"]
[Black "Klimek, Piotr"]
[Result "0-1"]
[WhiteElo "1787"]
[BlackElo "1699"]
[EventDate "2011.??.??"]
[PlyCount "52"]

1.e4 e6 2.d4 d5 3.e5 c5 4.c3 Qb6 5.a3 Nc6 6.Nf3 Nge7 7.b4 cxd4 8.cxd4 Nf5 
9.Bb2 Bd7 10.g4 Nfe7 11.Nc3 Na5 12.Na4 Bxa4 13.Qxa4+ Nac6 14.Rc1 Qd8 15.b5
Qa5+ 16.Qxa5 Nxa5 17.Bd3 b6 18.Ke2 Ng6 19.Ke3 f6 20.a4 Kd7 21.Bxg6 hxg6 
22.Nd2 Bb4 23.Bc3 Bxc3 24.Rxc3 Rac8 25.Ra3 Rc2 26.Rd3 Rxd2 0-1

[Event "Rewal 2011 - Open B"]
[Site "Rewal"]
[Date "2011.08.28"]
[Round "9.42"]
[White "Przybylska, Agata"]
[Black "Orzechowski, Krzysztof"]
[Result "0-1"]
[WhiteElo "1604"]
[BlackElo "1778"]
[EventDate "2011.??.??"]
[PlyCount "94"]

1.e4 c5 2.Nf3 Nc6 3.d4 cxd4 4.Nxd4 d6 5.c4 Nf6 6.Nc3 a6 7.Be2 e6 8.O-O Qc7
9.Be3 Be7 10.Rc1 Ne5 11.b3 Ned7 12.Qc2 Nc5 13.f4 Bd7 14.Bf3 e5 15.fxe5 
dxe5 16.Nf5 Bxf5 17.exf5 Rd8 18.Rcd1 O-O 19.Kh1 b6 20.Rfe1 Bd6 21.Bd5 Rfe8
22.Bg5 Be7 23.Qe2 Nxd5 24.Nxd5 Rxd5 25.Rxd5 Bxg5 26.Rxe5 Qxe5 27.Qxe5 Rxe5
28.Rxe5 Kf8 29.Kg1 Nd3 30.Re2 Nc1 31.Rc2 Nd3 32.Re2 Be7 33.Rd2 Bc5+ 34.Kf1
Nb4 35.Ke2 Nc6 36.Kf3 Ke7 37.Ke4 Kf6 38.g4 Kg5 39.Rd7 Kf6 40.h4 h6 41.Kf4 
g5+ 42.fxg6 Kxg6 43.Ke4 Kf6 44.Rd5 Ne7 45.Rh5 Kg6 46.Re5 Bd6 47.Rh5 f5+ 
0-1

[Event "Rewal 2011 - Open B"]
[Site "Rewal"]
[Date "2011.08.28"]
[Round "9.43"]
[White "Mirski, Michal"]
[Black "Graczyk, Natalia"]
[Result "0-1"]
[WhiteElo "1776"]
[BlackElo "1672"]
[EventDate "2011.??.??"]
[PlyCount "83"]

1.d4 d5 2.c4 e6 3.Nc3 f5 4.g3 c6 5.Bg2 Nf6 6.Nf3 Nbd7 7.O-O Bd6 8.b3 Ne4 
9.Nxe4 dxe4 10.Ng5 Nf6 11.f3 exf3 12.exf3 O-O 13.f4 c5 14.Re1 Re8 15.Bb2 
h6 16.Nf3 Bd7 17.Ne5 Qc7 18.Qf3 Ne4 19.Rad1 Bxe5 20.fxe5 cxd4 21.Bxd4 Bc6 
22.Qe3 g5 23.Bxa7 Qa5 24.Bb6 Qxa2 25.Re2 Qa3 26.h4 Qe7 27.hxg5 hxg5 28.
Bxe4 Bxe4 29.Red2 Bc6 30.b4 Rec8 31.Bc5 Qg7 32.b5 Be8 33.Rd6 f4 34.Qd4 Bh5
35.Rd2 Qg6 36.gxf4 Qb1+ 37.Kh2 Ra1 38.Rd8+ Be8 39.Qg1 Qh7+ 40.Kg2 Rxg1+ 
41.Kxg1 Rxd8 42.Rxd8 0-1

[Event "Rewal 2011 - Open B"]
[Site "Rewal"]
[Date "2011.08.28"]
[Round "9.44"]
[White "Gabryjalowicz, Jakub"]
[Black "Wacior, Maciej"]
[Result "1-0"]
[WhiteElo "1749"]
[BlackElo "1664"]
[EventDate "2011.??.??"]
[PlyCount "69"]

1.f4 e6 2.Nf3 b6 3.g3 Bb7 4.Bg2 Nf6 5.O-O Be7 6.d3 d5 7.Qe1 c5 8.h3 O-O 9.
Nbd2 Nbd7 10.e4 d4 11.g4 Ne8 12.Nc4 Nd6 13.Nce5 f6 14.Nxd7 Qxd7 15.Bd2 Qb5
16.b3 Nf7 17.f5 e5 18.h4 g6 19.g5 fxg5 20.hxg5 gxf5 21.exf5 Qc6 22.Qg3 Kh8
23.Qh3 Kg8 24.Qh5 Nh8 25.Nh4 Qc7 26.Bxb7 Qxb7 27.f6 Bd8 28.Rf2 e4 29.Nf5 
Ng6 30.Nd6 Qd5 31.f7+ Kh8 32.Rh2 Rxf7 33.Qxg6 Rg7 34.Qe8+ Rg8 35.Rxh7+ 1-0

[Event "Rewal 2011 - Open B"]
[Site "Rewal"]
[Date "2011.08.28"]
[Round "9.45"]
[White "Biszof, Henryk"]
[Black "Zhuk, Ivan"]
[Result "1/2-1/2"]
[WhiteElo "1747"]
[BlackElo "1584"]
[EventDate "2011.??.??"]
[PlyCount "134"]

1.e4 e6 2.d4 d5 3.Nc3 Bb4 4.exd5 exd5 5.Bd2 Nf6 6.a3 Bd6 7.Bg5 c6 8.Nf3 
Bf5 9.Bd3 Bg6 10.Qe2+ Qe7 11.Qxe7+ Bxe7 12.Bxg6 hxg6 13.O-O-O O-O 14.h3 
Nbd7 15.Ne5 Bd6 16.Nxd7 Nxd7 17.h4 f6 18.Be3 b5 19.h5 gxh5 20.Rxh5 Kf7 21.
g4 a5 22.a4 Rfb8 23.g5 b4 24.Ne2 b3 25.c3 Rh8 26.Rdh1 Rxh5 27.Rxh5 Kg6 28.
Rh1 Nb6 29.gxf6 Kxf6 30.Bf4 Bxf4+ 31.Nxf4 Nxa4 32.Rg1 g5 33.Nd3 Nb6 34.f4 
gxf4 35.Nxf4 Nc4 36.Nd3 a4 37.Rf1+ Ke7 38.Ne5 Nxe5 39.dxe5 Rg8 40.Rf4 Rg1+
41.Kd2 Rb1 42.Rxa4 Rxb2+ 43.Kd3 Ra2 44.Rb4 Ke6 45.Rxb3 Kxe5 46.Rb8 Rh2 47.
Re8+ Kd6 48.Rd8+ Kc5 49.Rb8 Rh3+ 50.Kd2 Rh2+ 51.Kd3 Kd6 52.Rg8 Rh3+ 53.Kd2
Rh2+ 54.Kd3 Kc5 55.Rb8 Rh3+ 56.Kd2 Rh4 57.Kc2 Rc4 58.Kb3 Rg4 59.Kc2 Rh4 
60.Rb1 Rc4 61.Kd2 Rh4 62.Kc2 Kd6 63.Rg1 Re4 64.Rg6+ Re6 65.Rg4 Re4 66.Rg6+
Kc5 67.Kd3 Rh4 1/2-1/2

[Event "Rewal 2011 - Open B"]
[Site "Rewal"]
[Date "2011.08.29"]
[Round "9.46"]
[White "Kowalski, Maciej"]
[Black "Jastrzebski, Konrad"]
[Result "1/2-1/2"]
[WhiteElo "1720"]
[BlackElo "1536"]
[EventDate "2011.??.??"]
[PlyCount "66"]

1.e4 c5 2.Nf3 d6 3.d4 cxd4 4.Qxd4 a6 5.c4 Nc6 6.Qd3 g6 7.Nc3 Bg7 8.Be2 Nf6
9.O-O O-O 10.a3 Be6 11.Nd5 Nd7 12.Rb1 Nce5 13.Nxe5 Nxe5 14.Qd2 Rc8 15.b3 
Bxd5 16.exd5 Qb6 17.Bb2 Rfe8 18.Bd4 Qc7 19.f4 Nd7 20.Bg4 Bxd4+ 21.Qxd4 f5 
22.Be2 Qc5 23.Qxc5 Nxc5 24.Rfe1 Kf7 25.g3 Nd7 26.a4 Rb8 27.b4 b6 28.Kf2 
Kf6 29.Bd3 Kf7 30.Re3 Kf8 31.Rbe1 a5 32.b5 Nc5 33.Bc2 Kf7 1/2-1/2

[Event "Rewal 2011 - Open B"]
[Site "Rewal"]
[Date "2011.08.28"]
[Round "9.48"]
[White "Adamczyk, Piotr"]
[Black "Nowak, Kamil"]
[Result "1-0"]
[WhiteElo "1889"]
[BlackElo "1637"]
[EventDate "2011.??.??"]
[PlyCount "67"]

1.e4 c5 2.Nf3 d6 3.Bc4 e6 4.O-O Nf6 5.Re1 a6 6.a4 Nbd7 7.d4 cxd4 8.Qxd4 
Be7 9.Nc3 O-O 10.Bg5 Qc7 11.Bd3 h6 12.Bh4 Nc5 13.h3 e5 14.Qe3 Be6 15.g4 
Nh7 16.g5 hxg5 17.Nxg5 Bxg5 18.Bxg5 Nxd3 19.cxd3 f6 20.Bh4 Qd7 21.Kh2 d5 
22.d4 dxe4 23.dxe5 f5 24.Rad1 Qc6 25.Rd6 Qc8 26.Qb6 Re8 27.Rg1 Nf8 28.Bf6 
g6 29.Qe3 Qc7 30.Ne2 Qh7 31.Nf4 Bf7 32.Qb6 Qh6 33.Bg5 Qh8 34.e6 1-0

[Event "Rewal 2011 - Open B"]
[Site "Rewal"]
[Date "2011.08.28"]
[Round "9.50"]
[White "Klementowski, Dawid"]
[Black "Beczala, Pawel"]
[Result "1/2-1/2"]
[WhiteElo "1623"]
[BlackElo "1730"]
[EventDate "2011.??.??"]
[PlyCount "30"]

1.e4 c5 2.Nf3 Nc6 3.Bb5 e6 4.c4 a6 5.Bxc6 bxc6 6.O-O Be7 7.Nc3 d6 8.d4 
cxd4 9.Nxd4 Qc7 10.Be3 Nf6 11.h3 c5 12.Nde2 Bb7 13.Qc2 Qc6 14.Ng3 O-O 15.
Rad1 Rad8 1/2-1/2

[Event "Rewal 2011 - Open B"]
[Site "Rewal"]
[Date "2011.08.28"]
[Round "9.52"]
[White "Mazur, Anna"]
[Black "Dobrzanska, Magdalena"]
[Result "1-0"]
[WhiteElo "1666"]
[BlackElo "1417"]
[EventDate "2011.??.??"]
[PlyCount "57"]

1.e4 c5 2.Nf3 Nc6 3.d4 cxd4 4.Nxd4 Nf6 5.Nc3 a6 6.Be2 e5 7.Nf5 d6 8.Bg5 
Bxf5 9.exf5 Be7 10.O-O b5 11.Bxf6 Bxf6 12.Ne4 O-O 13.Qxd6 Qxd6 14.Nxd6 
Rfd8 15.Ne4 Be7 16.c3 b4 17.Rfd1 a5 18.Bf3 Rac8 19.Ng3 bxc3 20.bxc3 Rxd1+ 
21.Rxd1 a4 22.Rd7 Bg5 23.Ne4 Be7 24.Nd6 Bxd6 25.Rxd6 Ne7 26.Bg4 g6 27.fxg6
hxg6 28.Bxc8 Nxc8 29.Rd8+ 1-0

[Event "Rewal 2011 - Open B"]
[Site "Rewal"]
[Date "2011.08.28"]
[Round "9.53"]
[White "Duda, Ryszard"]
[Black "Bialowas, Inga"]
[Result "1-0"]
[WhiteElo "1760"]
[BlackElo "1590"]
[EventDate "2011.??.??"]
[PlyCount "147"]

1.e4 c5 2.Nf3 e6 3.d4 cxd4 4.Nxd4 Nf6 5.f3 Nc6 6.Be3 Be7 7.Nc3 a6 8.Qd2 
Qc7 9.O-O-O b5 10.Kb1 Bb7 11.g4 d6 12.h4 Nd7 13.Bg2 Nde5 14.Qf2 Rc8 15.g5 
Nc4 16.Nxc6 Qxc6 17.Bc1 h6 18.f4 a5 19.Rdg1 Qc5 20.Qxc5 Rxc5 21.b3 Nb6 22.
Kb2 b4 23.Ne2 a4 24.Be3 a3+ 25.Kb1 Rc6 26.Bd4 hxg5 27.hxg5 Rxh1 28.Rxh1 f6
29.gxf6 gxf6 30.e5 Nd5 31.Bxd5 exd5 32.exf6 Bf8 33.Rh7 Bc8 34.Ng3 Bg4 35.
Kc1 Bf3 36.Kd2 Rc8 37.c3 bxc3+ 38.Bxc3 d4 39.Bxd4 d5 40.f7+ Ke7 41.Bc3 Ke6
42.f5+ Ke7 43.Kd3 Bg4 44.Bb4+ Kf6 45.Rh8 Kg7 46.Rxf8 Rxf8 47.Bxf8+ Kxf8 
48.Kd4 Bf3 49.Nf1 Kxf7 50.Ne3 Kf6 51.Nxd5+ Kxf5 52.Nc3 Ke6 53.Kc5 Kd7 54.
Kb4 Kc6 55.Kxa3 Kc5 56.Kb2 Bh5 57.a3 Bf7 58.Ne4+ Kd4 59.Nd6 Be6 60.Nb5+ 
Kc5 61.Nc3 Bf7 62.Ne2 Bh5 63.Nf4 Bf7 64.Kc3 Kb5 65.Ne2 Ka5 66.Nd4 Bd5 67.
Nf5 Be6 68.Nd6 Bd5 69.Nc4+ Kb5 70.a4+ Kc5 71.b4+ Kc6 72.Kd4 Be6 73.b5+ Kb7
74.Kc5 1-0

[Event "Rewal 2011 - Open B"]
[Site "Rewal"]
[Date "2011.08.28"]
[Round "9.54"]
[White "Mirski, Roman"]
[Black "Gotin, Evgeniy"]
[Result "1-0"]
[WhiteElo "1591"]
[BlackElo "1715"]
[EventDate "2011.??.??"]
[PlyCount "47"]

1.e4 c5 2.Nf3 g6 3.d4 cxd4 4.Nxd4 Bg7 5.c4 Nc6 6.Be3 e6 7.Nc3 Nge7 8.Be2 
d5 9.O-O dxe4 10.Nxc6 Nxc6 11.Qc1 f5 12.f3 exf3 13.Bxf3 O-O 14.Bh6 Bxh6 
15.Qxh6 Ne5 16.Qf4 Nxf3+ 17.Rxf3 b6 18.Rd1 Qe7 19.Rfd3 e5 20.Qf2 Be6 21.
Nd5 Bxd5 22.Rxd5 Rfd8 23.Qd2 Rxd5 24.Qxd5+ 1-0

[Event "Rewal 2011 - Open B"]
[Site "Rewal"]
[Date "2011.08.28"]
[Round "9.55"]
[White "Panczuk, Joanna"]
[Black "Stezycka, Paulina"]
[Result "1-0"]
[WhiteElo "1678"]
[BlackElo "1558"]
[EventDate "2011.??.??"]
[PlyCount "31"]

1.e4 e5 2.d4 exd4 3.Nf3 Nc6 4.c3 Qe7 5.Bd3 d5 6.O-O dxe4 7.Bxe4 Nd8 8.Re1 
Ne6 9.cxd4 c6 10.Nc3 Nf6 11.Bg5 Bd7 12.d5 Nxg5 13.Nxg5 Qd6 14.dxc6 Qxd1 
15.Raxd1 bxc6 16.Bxc6+ 1-0

[Event "Rewal 2011 - Open B"]
[Site "Rewal"]
[Date "2011.08.28"]
[Round "9.56"]
[White "Maczka, Miroslawa"]
[Black "Mazur, Bartlomiej"]
[Result "0-1"]
[WhiteElo "1589"]
[BlackElo "1531"]
[EventDate "2011.??.??"]
[PlyCount "168"]

1.c4 e5 2.Nc3 Nf6 3.e3 c6 4.d4 e4 5.Nge2 d5 6.Ng3 Bb4 7.Bd2 b6 8.cxd5 Bxc3
9.bxc3 cxd5 10.c4 Ba6 11.Qc2 O-O 12.cxd5 Qxd5 13.Bxa6 Nxa6 14.Rc1 h6 15.
O-O Rfd8 16.Qa4 Nc5 17.Qc4 Nd3 18.Qxd5 Nxd5 19.Rcd1 Nf6 20.f3 exf3 21.gxf3
Rac8 22.Be1 Nb2 23.Rd2 Nc4 24.Rd3 Nd5 25.e4 Nf4 26.Rc3 Rxd4 27.Bf2 Rdd8 
28.Rfc1 Nd6 29.Be3 Ne6 30.e5 Rxc3 31.Rxc3 Nb5 32.Rc4 Rd3 33.Kf2 Ra3 34.Rc2
Nc3 35.Bc1 Rxa2 36.Rxa2 Nxa2 37.Ba3 b5 38.Bd6 b4 39.Ne4 a5 40.Ke3 Ng5 41.
Nd2 a4 42.f4 Ne6 43.f5 Nd8 44.Be7 Nc6 45.Bd6 g6 46.e6 fxe6 47.fxe6 Kg7 48.
Ke4 Nc3+ 49.Kd3 Nb5 50.Bc5 Nc7 51.Kc4 b3 52.e7 Kf7 53.h3 g5 54.Ne4 Ne5+ 
55.Kd4 b2 56.Nd2 Nf3+ 57.Kc3 Nxd2 58.Kxb2 Nb5 59.Bb4 Nc4+ 60.Ka2 Nd4 61.
Bc5 Nf3 62.Kb1 a3 63.Kc2 Ne1+ 64.Kb3 Nd3 65.Bd4 Nd6 66.e8=Q+ Kxe8 67.Kc2 
Nf4 68.Bc5 Ne4 69.Bxa3 Nxh3 70.Kd3 Nhf2+ 71.Ke3 Kf7 72.Kf3 Ke6 73.Bb2 Kf5 
74.Bd4 g4+ 75.Kg2 h5 76.Be3 h4 77.Bb6 h3+ 78.Kg1 Kf4 79.Bc7+ Kf3 80.Kh2 
g3+ 81.Bxg3 Nxg3 82.Kg1 Nge4 83.Kh2 Nc3 84.Kg1 Kg3 0-1

[Event "Rewal 2011 - Open B"]
[Site "Rewal"]
[Date "2011.08.28"]
[Round "9.58"]
[White "Strek, Jaroslaw"]
[Black "Dobrzanska, Joanna"]
[Result "0-1"]
[WhiteElo "1551"]
[BlackElo "1596"]
[EventDate "2011.??.??"]
[PlyCount "66"]

1.d4 f5 2.e3 e6 3.c4 Nf6 4.Bd3 d5 5.Nf3 c6 6.O-O Bd6 7.Nc3 O-O 8.c5 Bc7 9.
b4 Ne4 10.Qc2 Nd7 11.b5 g5 12.bxc6 bxc6 13.Ne2 g4 14.Nd2 Qh4 15.g3 Qh3 16.
Nf4 Bxf4 17.exf4 Rf6 18.f3 Nxg3 19.Rf2 Nh5 20.Bf1 Qh4 21.Nb3 gxf3 22.Rxf3 
Rg6+ 23.Bg2 Ndf6 24.Bd2 Qg4 25.Be1 Qxf3 26.Bg3 Qe3+ 27.Bf2 Qxf4 28.Rf1 Ng4
29.Bg3 Qe3+ 30.Bf2 Nxf2 31.Rxf2 Nf4 32.Kf1 Ba6+ 33.Kg1 Qe1+ 0-1

[Event "Rewal 2011 - Open B"]
[Site "Rewal"]
[Date "2011.08.28"]
[Round "9.60"]
[White "Majdan, Damian"]
[Black "Zezulkin, Alina"]
[Result "1/2-1/2"]
[WhiteElo "1829"]
[BlackElo "1583"]
[EventDate "2011.??.??"]
[PlyCount "113"]

1.Nf3 c5 2.b3 Nc6 3.Bb2 d5 4.d3 Nf6 5.Nbd2 e6 6.g3 Bd6 7.Bg2 O-O 8.O-O Qc7
9.e4 Ne5 10.Nxe5 Bxe5 11.Bxe5 Qxe5 12.Nf3 Qc7 13.e5 Nd7 14.Re1 b6 15.c3 
Bb7 16.Ng5 h6 17.Nf3 Rac8 18.Rc1 Rfd8 19.d4 c4 20.b4 b5 21.Nd2 Re8 22.f4 
Nf8 23.g4 Ng6 24.Rf1 Qe7 25.f5 exf5 26.gxf5 Nh4 27.f6 Qe6 28.Qh5 Nxg2 29.
Kxg2 Rc7 30.fxg7 Qg6+ 31.Qxg6 fxg6 32.Rf6 Kxg7 33.Rcf1 Bc8 34.Nf3 g5 35.
Ne1 Be6 36.Nc2 Rf7 37.Ne3 Rxf6 38.Rxf6 Re7 39.Nf5+ Bxf5 40.Rxf5 Re6 41.Kg3
Kg6 42.Rf8 Kg7 43.Rd8 Ra6 44.Rxd5 Rxa2 45.Rxb5 Rc2 46.Rb7+ Kg6 47.d5 Rxc3+
48.Kf2 Rd3 49.d6 Kf5 50.Rxa7 Ke4 51.Rc7 c3 52.d7 Kxe5 53.Rxc3 Rxd7 54.Rc6 
Kf5 55.b5 Rd2+ 56.Kg3 Rd3+ 57.Kg2 1/2-1/2

[Event "Rewal 2011 - Open B"]
[Site "Rewal"]
[Date "2011.08.28"]
[Round "9.61"]
[White "Bzowski, Grzegorz"]
[Black "Niewiarowski, Mieszko"]
[Result "1/2-1/2"]
[WhiteElo "1717"]
[BlackElo "1535"]
[EventDate "2011.??.??"]
[PlyCount "126"]

1.e4 c6 2.d3 d5 3.Nd2 dxe4 4.Nxe4 Nf6 5.Bf4 Nxe4 6.dxe4 Qb6 7.Rb1 Qb4+ 8.
Qd2 Qxe4+ 9.Ne2 e6 10.Rd1 Qd5 11.Qxd5 exd5 12.Nd4 Be7 13.c4 dxc4 14.Bxc4 
O-O 15.O-O Bf6 16.Rfe1 Bxd4 17.Rxd4 Be6 18.Bxe6 fxe6 19.Rxe6 Na6 20.Re7 
Rfe8 21.Rxe8+ Rxe8 22.Be3 Re7 23.g3 Kf7 24.Rd3 b6 25.Rd6 c5 26.a3 h6 27.
Rd8 Rb7 28.Rd3 Ke8 29.Bf4 Rd7 30.Re3+ Re7 31.Kg2 Rxe3 32.fxe3 b5 33.Kf3 b4
34.axb4 cxb4 35.e4 b3 36.Be3 Nb4 37.Bxa7 Nd3 38.Bd4 g6 39.Ke3 Ne1 40.Bg7 
h5 41.Ke2 Nc2 42.Kd3 Ne1+ 43.Kc3 Nf3 44.h4 g5 45.Bf6 gxh4 46.Bxh4 Kd7 47.
Bf6 Ke6 48.Bh8 Ng5 49.Kd4 Nf3+ 50.Ke3 Ng5 51.Bc3 Nf3 52.Kd3 Ng5 53.Bd2 Nh3
54.Kc3 Ke5 55.Kxb3 Kxe4 56.Kc4 Kf3 57.b4 Kxg3 58.b5 Nf2 59.Bg5 Ne4 60.b6 
Nd6+ 61.Kc5 Nb7+ 62.Kc6 Na5+ 63.Kc7 h4 1/2-1/2